Europa cero / (Record no. 148398)

MARC details
000 -LEADER
campo de control de longitud fija 00665nam a2200193 4500
001 - NÚMERO DE CONTROL
campo de control 148398
003 - IDENTIFICADOR DE NÚMERO DE CONTROL
campo de control ES-MaACL
005 - FECHA Y HORA DE LA ÚLTIMA TRANSACCIÓN
campo de control 20230906202617.0
007 - CAMPO FIJO DE DESCRIPCIÓN FÍSICA--INFORMACIÓN GENERAL
campo de control de longitud fija t|
008 - DATOS DE LONGITUD FIJA--INFORMACIÓN GENERAL
campo de control de longitud fija 070214s1969 sp r ||||1| spa d
100 1# - ENTRADA PRINCIPAL--NOMBRE DE PERSONA
Nombre de persona Stehlin, Paul.
9 (RLIN) 108010
245 10 - MENCIÓN DEL TÍTULO
Título Europa cero /
Mención de responsabilidad, etc. Paul Stehlin ; prólogo de André François-Poncet ; anexo cronológico (1939-1968) de Gilbert Gantier ; traducción de Francisco Tomé.
260 ## - PUBLICACIÓN, DISTRIBUCIÓN, ETC.
Lugar de publicación, distribución, etc. Madrid :
Nombre del editor, distribuidor, etc. Ibérico Europea,
Fecha de publicación, distribución, etc. 1969.
300 ## - DESCRIPCIÓN FÍSICA
Extensión 384 p. ;
Dimensiones 22 cm.
700 1# - ENTRADA AGREGADA--NOMBRE PERSONAL
Nombre de persona François-Poncet, André.
9 (RLIN) 52277
700 1# - ENTRADA AGREGADA--NOMBRE PERSONAL
Nombre de persona Gantier, Gilbert.
9 (RLIN) 53885
700 1# - ENTRADA AGREGADA--NOMBRE PERSONAL
Nombre de persona Tomé, Francisco.
9 (RLIN) 110543
852 ## - LOCALIZACIÓN
Ubicación ES-MaACL
Número de control de estantería C-38847
Sublocalización o colección R.69760
Holdings
Estatus retirado Estado de pérdida Estado de daño No para préstamo Biblioteca de origen Biblioteca actual Ubicación en estantería Fecha de adquisición Fuente de adquisición Total de préstamos Signatura topográfica completa Código de barras Visto por última vez Precio de reemplazo Tipo de ítem Koha
        Biblioteca del Ateneo de Madrid Biblioteca del Ateneo de Madrid Depósito 2 17/01/2008     C-38847 1154869 23/02/2023 23/02/2023 Libro impreso